000 01016cab a2200265 4500
001 ABS36997
008 090401t1986 xxu||||| |||| 00| 0 eng d
035 _a(Sirsi) u1429
041 _aeng
100 _aMacGregor, B.D.
245 4 _aThe development of high technology industry in Newbury District
260 _c1986
350 _a0
490 _aRegional Studies
_v20 (5) October 1986, 433-448 (15)
520 _aUsing Newbury District as a case study area, this paper examines the nature of high technology companies in terms of their origins, employment characteristics, locational preferences and economic impact. Considers whether the development of high tech industry in areas such as Newbury can be replicated elsewhere in Britain. References.
650 _aECONOMIC FACTORS
650 _aHIGH TECH DEVELOPMENT
650 _aLOCATION
690 _aPLANNING LAW AND PRACTICE
700 _aLangridge, R.J.
700 _aAdley, J.
700 _aChapman, B.
942 _n0
948 _c04/03/1997
999 _c793
_d793